| 000 | 00884nas a2200289 4500 | ||
|---|---|---|---|
| 001 | BR0405798 | ||
| 003 | BR-BrBNA | ||
| 005 | 20231205105025.0 | ||
| 007 | ta | ||
| 008 | 230509b bl.|||p| |||| 00| 00por d | ||
| 040 |
_aBR-BrBNA _bpor _cBiblioteca Nacional de Agricultura |
||
| 041 | _a(Pt) | ||
| 072 | _aE50; E80 | ||
| 100 | 1 | _aRibeiro, R. de C.L. | |
| 100 | 1 | _aModena, C.M. | |
| 100 | 1 | _aFonseca, M. do C. | |
| 100 | 1 | _aSilva, A.I. de O. e | |
| 245 | 1 | _aRepresentação do processo saúde/doença por um grupo de idosos | |
| 650 | _aSAÚDE PÚBLICA | ||
| 650 | _aNÍVEL DE VIDA | ||
| 650 | _aLONGEVIDADE | ||
| 650 | _aECONOMIA DOMÉSTICA | ||
| 650 | _aMINAS GERAIS | ||
| 773 | 0 |
_tOIKOS - Revista Brasileira de Economia Doméstica (Brazil) _xISSN 0101-5273 _g(2000), v. 12(2) p. 55-65 _wBR0405798 |
|
| 909 |
_a202311 _bLúcia _c55 _dLúcia Elande |
||
| 942 |
_2AGRIS _n0 _cANA |
||
| 999 |
_c180821 _d180821 |
||